Understanding Big Data (Record no. 10702)

MARC details
000 -LEADER
fixed length control field 00486nam a22002177a 4500
003 - CONTROL NUMBER IDENTIFIER
control field OSt
008 - FIXED-LENGTH DATA ELEMENTS--GENERAL INFORMATION
fixed length control field 210707b ||||| |||| 00| 0 eng d
020 ## - INTERNATIONAL STANDARD BOOK NUMBER
International Standard Book Number 97893329221270
082 ## - DEWEY DECIMAL CLASSIFICATION NUMBER
Classification number 005.74 EAU
100 ## - MAIN ENTRY--PERSONAL NAME
Personal name ZIKOPOULOS,Paul
245 ## - TITLE STATEMENT
Title Understanding Big Data
250 ## - EDITION STATEMENT
Edition statement 3rd
260 ## - PUBLICATION, DISTRIBUTION, ETC. (IMPRINT)
Place of publication, distribution, etc New Delhi
Name of publisher, distributor, etc TMH
Date of publication, distribution, etc 2019
300 ## - PHYSICAL DESCRIPTION
Extent 141
650 ## - SUBJECT ADDED ENTRY--TOPICAL TERM
Topical term or geographic name as entry element IT
700 ## - ADDED ENTRY--PERSONAL NAME
Personal name EATON,Chris
700 ## - ADDED ENTRY--PERSONAL NAME
Personal name DEROOS,Dirk
700 ## - ADDED ENTRY--PERSONAL NAME
Personal name DEUTSCH,Tom
700 ## - ADDED ENTRY--PERSONAL NAME
Personal name LAPIS,George
942 ## - ADDED ENTRY ELEMENTS (KOHA)
Source of classification or shelving scheme Dewey Decimal Classification
Koha item type Text Books
Holdings
Withdrawn status Lost status Source of classification or shelving scheme Damaged status Not for loan Collection code Home library Current library Date acquired Source of acquisition Currency Cost, normal purchase price Bill Number Total Checkouts Full call number Acc. no. / Barcode Date last seen Actual Cost, discounted price Bill Date Koha item type Date last borrowed
    Dewey Decimal Classification     B.Tech(IT) PIET C-LIBRARY PIET C-LIBRARY 09/06/2021 Kirti Praskshan IN Rupees 499.00 IN2118   005.74 EAU 32972 07/07/2021 344.31 09/06/2021 Text Books  
    Dewey Decimal Classification     B.Tech(IT) PIET C-LIBRARY PIET C-LIBRARY 09/06/2021 Kirti Praskshan IN Rupees 499.00 IN2118   005.74 EAU 32973 07/07/2021 344.31 09/06/2021 Text Books  
    Dewey Decimal Classification     B.Tech(IT) PIET C-LIBRARY PIET C-LIBRARY 09/06/2021 Kirti Praskshan IN Rupees 499.00 IN2118   005.74 EAU 32974 07/07/2021 344.31 09/06/2021 Text Books  
    Dewey Decimal Classification     B.Tech(IT) PIET C-LIBRARY PIET C-LIBRARY 09/06/2021 Kirti Praskshan IN Rupees 499.00 IN2118   005.74 EAU 32975 07/07/2021 344.31 09/06/2021 Text Books  
    Dewey Decimal Classification     B.Tech(IT) PIET C-LIBRARY PIET C-LIBRARY 09/06/2021 Kirti Praskshan IN Rupees 499.00 IN2118   005.74 EAU 32976 07/07/2021 344.31 09/06/2021 Text Books  
    Dewey Decimal Classification     B.Tech(IT) PIET C-LIBRARY PIET C-LIBRARY 09/06/2021 Kirti Praskshan IN Rupees 499.00 IN2118   005.74 EAU 32977 07/07/2021 344.31 09/06/2021 Text Books  
    Dewey Decimal Classification     B.Tech(IT) PIET C-LIBRARY PIET C-LIBRARY 09/06/2021 Kirti Praskshan IN Rupees 499.00 IN2118 1 005.74 EAU 32978 10/04/2023 344.31 09/06/2021 Text Books 20/03/2023
    Dewey Decimal Classification     B.Tech(IT) PIET C-LIBRARY PIET C-LIBRARY 09/06/2021 Kirti Praskshan IN Rupees 499.00 IN2118   005.74 EAU 32979 07/07/2021 344.31 09/06/2021 Text Books  
    Dewey Decimal Classification     B.Tech(IT) PIET C-LIBRARY PIET C-LIBRARY 09/06/2021 Kirti Praskshan IN Rupees 499.00 IN2118   005.74 EAU 32980 07/07/2021 344.31 09/06/2021 Text Books  
    Dewey Decimal Classification     B.Tech(IT) PIET C-LIBRARY PIET C-LIBRARY 09/06/2021 Kirti Praskshan IN Rupees 499.00 IN2118 1 005.74 EAU 32981 24/07/2024 344.31 09/06/2021 Text Books 10/01/2024

Design & Developed by: PIET Central Library
R70 Miles Stone Pattikalyana Samalkha Panipat 132102
mail ID :- [email protected], Phone No:- 0180-2569700 Ex.216